| 000 | nam a22 a 4500 | ||
|---|---|---|---|
| 999 |
_c1872 _d1872 |
||
| 003 | AKMAL | ||
| 005 | 20170512110132.0 | ||
| 008 | 170512s1989 my 00 eng d | ||
| 020 | _a997170059X | ||
| 020 |
_a9971700727 (pbk.): _cRM 150.00 |
||
| 040 | _aAKMAL | ||
| 082 | 0 | 4 | _a342 JAI |
| 090 |
_a342 _bJAI |
||
| 100 | 1 |
_aJain, M. P. _q(Mahabir Pershad) _93879 |
|
| 245 | 1 |
_aAdministrative law of Malaysia and Singapore / _cM. P. Jain ; with a foreword by H.R.H. Sultan Azlan Shah |
|
| 250 | _a2nd ed. | ||
| 260 |
_aKuala Lumpur : _bMalayan Law Journal, _c1989 |
||
| 300 |
_ali, 663p. ; _c25cm |
||
| 500 | _aIncludes index | ||
| 650 |
_aAdministrative law _zMalaysia _9451 |
||
| 650 |
_aAdministrative law _zSingapore _93880 |
||
| 700 | 0 |
_aRaja Azlan Shah, Sultan Perak, _d1928- _93881 |
|
| 942 |
_2ddc _cBOOK |
||